<?xml version="1.0" encoding="UTF-8"?>
<record
    xmlns:xsi="http://www.w3.org/2001/XMLSchema-instance"
    xsi:schemaLocation="http://www.loc.gov/MARC21/slim http://www.loc.gov/standards/marcxml/schema/MARC21slim.xsd"
    xmlns="http://www.loc.gov/MARC21/slim">

  <leader>01174    a2200157   4500</leader>
  <controlfield tag="003">OSt</controlfield>
  <controlfield tag="005">20251201135530.0</controlfield>
  <controlfield tag="008">251201b        |||||||| |||| 00| 0 eng d</controlfield>
  <datafield tag="020" ind1=" " ind2=" ">
    <subfield code="a">9788184955873</subfield>
  </datafield>
  <datafield tag="100" ind1=" " ind2=" ">
    <subfield code="a">Xavier G.</subfield>
    <subfield code="9">215551</subfield>
  </datafield>
  <datafield tag="245" ind1=" " ind2=" ">
    <subfield code="a">101 Preranadayak katha (Marathi)</subfield>
  </datafield>
  <datafield tag="260" ind1=" " ind2=" ">
    <subfield code="b">Jaico Publishing House</subfield>
    <subfield code="c">2014</subfield>
    <subfield code="a">Mumbai</subfield>
  </datafield>
  <datafield tag="300" ind1=" " ind2=" ">
    <subfield code="a">187pp,</subfield>
  </datafield>
  <datafield tag="520" ind1=" " ind2=" ">
    <subfield code="a">This is one of the many inspiring books from the renowned &#x201C;Motivator&#x201D; Dr. G. Francis Xavier. Evidently, this harvest of stories has been gleaned from lands he visited and books he read. Xavier, who conducts full-house personal growth courses has brought out this compendium in an interactive form, making the reader give the answers at the end of the story, which is a novel approach. Stories and examples are the best way to inspire, and this volume can be gifted to anyone. It is useful for preachers, speakers and teachers.

The book appeals to readers of all ages except the morose and irredeemable negaholics (negative thinking addicts) and anti-reading teenagers. It has stories to inspire and promises uninterrupted chuckles till the end. There are also quotations on success.</subfield>
  </datafield>
  <datafield tag="942" ind1=" " ind2=" ">
    <subfield code="c">BK</subfield>
    <subfield code="2">ddc</subfield>
  </datafield>
  <datafield tag="999" ind1=" " ind2=" ">
    <subfield code="c">369182</subfield>
    <subfield code="d">369182</subfield>
  </datafield>
  <datafield tag="952" ind1=" " ind2=" ">
    <subfield code="0">0</subfield>
    <subfield code="1">0</subfield>
    <subfield code="2">ddc</subfield>
    <subfield code="4">0</subfield>
    <subfield code="7">0</subfield>
    <subfield code="8">BCA</subfield>
    <subfield code="a">001</subfield>
    <subfield code="b">001</subfield>
    <subfield code="d">2025-11-27</subfield>
    <subfield code="e">8</subfield>
    <subfield code="g">224.25</subfield>
    <subfield code="l">1</subfield>
    <subfield code="p">KBJP-BK-2853</subfield>
    <subfield code="r">2026-02-09 13:09:18</subfield>
    <subfield code="s">2026-01-30</subfield>
    <subfield code="v">299.00</subfield>
    <subfield code="w">2025-11-27</subfield>
    <subfield code="y">BK</subfield>
    <subfield code="z">2853</subfield>
  </datafield>
</record>
